00939cam a22002531a 450000100060000000300080000600500170001400800410003103500190007203500120009104000200010304100110012308200260013410000380016024501100019826000420030830000220035050000670037250400310043965000410047094200120051199900170052395201450054058771BD-RjUL20211209080645.0161219s1968 rur b 000 0 eng  a(BD-RjUL)58895 a2546163 aLCbengcLCdLC1 aengrus0 a330.9223 bVAP 1968 1 aVarga, Eugen,d1879-1964.917471110aPolitico-economic problems of capitalism /c[by] Y. Varga. Translated from the Russian by Don. Danemanis. aMoscow :bProgress Publishers,c1968. a351 p. ; c20 cm. aTranslation of Ocherki po probleman politekonomii kapitalizma. aBibliographical footnotes. 0aEconomic historyy1945-1971.9174712 2ddccBK c58771d58771 00102ddc40718NFICaRUCLbRUCLcReadingd1990-10-30eProfessor Shawkat Osmanl0o330.9 VAP 1968r2016-12-19 00:00:00tC-1w2016-12-19yBK